Statistics for Backwards Alphabet Quiz

Click here to take the quiz!

General Stats

  • This quiz has been taken 48 times
  • The average score is 15 of 26

Answer Stats

Letter% Correct
Y
96%
Z
96%
W
88%
X
88%
V
85%
R
81%
S
81%
T
81%
U
81%
P
62%
Q
62%
O
58%
M
50%
N
50%
I
42%
J
42%
L
42%
K
38%
F
35%
G
35%
H
35%
E
31%
D
27%
A
23%
B
23%
C
23%

Score Distribution

Percentile by Number Answered

Percent of People with Each Score

Your Score History

You have not taken this quiz